Guess the 2000s Song From the Music Video - Statistics

General Stats
  • This quiz has been taken 40 times
  • The average score is 8 of 16
Answer Stats
Picture Answer % Correct
Avril Lavigne / Complicated
91%
Stan / Eminem
79%
Beyonce / Jay Z / Crazy in Love
76%
Just Dance / Lady Gaga
73%
Maroon 5 / She will be loved
64%
Mariah Carey / We Belong Tohether
61%
Rihanna / Shut up and Drive
58%
Nelly / Kelly Rowland / Dilemma
55%
Christina Aguilera / Dirty
48%
Evanescence / My İmmortal
45%
Jennifer Lopez / Jenny from the block
42%
Hoobastank / The Reason
39%
Justin Timberlake / What goes around comes around
39%
Coldplay / In my place
36%
Gwen Stefani / Cool
15%
The Calling / Wherever you will go
9%
No matching quizzes found
Score Distribution
Percent of People with Each Score
Percentile by Number Answered
Your Score History
You have not taken this quiz